[Event "GER Seniors Derby 08th"]
[Site "Wesel Undeloh"]
[Date "2009.04.16"]
[Round "1.22"]
[White "Floeel, Helmut"]
[Black "Peil, Dieter"]
[Result "1-0"]
[WhiteElo "1797"]
[BlackElo "1725"]
[PlyCount "49"]
[EventDate "2009.04.16"]
[EventType "swiss"]
[EventRounds "7"]
[EventCountry "GER"]
[SourceTitle "EXT 2022"]
[Source "ChessBase"]
[SourceDate "2021.10.06"]
[SourceVersion "1"]
[SourceVersionDate "2021.10.06"]
[SourceQuality "1"]

1. c4 Nf6 2. Nc3 e6 3. e4 d6 4. g3 c5 5. Bg2 Nc6 6. Nge2 g6 7. 0-0 Bg7 8. d3 0-0 9. h3 a6 10. Be3 Rb8 11. Qd2 Qc7 12. f4 b5 13. g4 b4 14. Nd1 Nd7 15. f5 exf5 16. gxf5 Be5 17. Bh6 Re8 18. Ne3 Nf6 19. Bg5 Rf8 20. Nd5 Nxd5 21. cxd5 Nd4 22. f6 Nxe2+ 23. Qxe2 h5 24. Bh6 Qd8 25. Bg7 1-0